000 00620nam a2200241Ia 4500
003 OSt
005 20220918193203.0
006 a|||||r|||| 00| 0
007 ta
008 220917b |||||||| |||| 00| 0 eng d
024 _a72,185
037 _cTextual
040 _aARTS
_cARTS
_beng
041 _2eng
_aeng
082 _aR4,(Z), M8
100 _aSchrader David E
_981182
245 0 _aEthics and the practice of law
260 _aNew Jersey
_bPrentice Hall
_c1988
300 _a360p.
_ccm.
650 _aETHICS
942 _hR4,(Z), M8
_cTEXL
_2CC
999 _c198189
_d198189